| 000 | 01062cam a2200313 4500 | ||
|---|---|---|---|
| 008 | 090401t1996 xxu||||| |||| 00| 0 eng d | ||
| 020 | _a086017462X | ||
| 035 | _a(Sirsi) u77491 | ||
| 041 | _aeng | ||
| 050 | _a690.3 | ||
| 100 | _aChurcher, D.W. | ||
| 245 | 4 | _aThe control of quality on construction sites. | |
| 260 |
_aLondon _bCIRIA _c1996 |
||
| 300 | _a48p. ; 30cm. | ||
| 350 | _a38 | ||
| 490 |
_aCIRIA Special Publication _v140 |
||
| 520 | _aA survey examining the link between site management and the level of quality achieved on site. Assesses the ways in which contractors control site operations and identifies common procedures which were shown to have beneficial effects. | ||
| 650 | _aBS 5750 | ||
| 650 | _aCONSTRUCTION INDUSTRY | ||
| 650 | _aCONSTRUCTION SITES | ||
| 650 | _aISO 9000 | ||
| 650 | _aQUALITY ASSURANCE | ||
| 650 | _aQUALITY CONTROL | ||
| 690 | _aBUILT ENVIRONMENT | ||
| 700 | _aJohnson, S.J. | ||
| 710 |
_aConstruction Industry Research and Information Association _94810 |
||
| 942 | _n0 | ||
| 948 | _c01/04/1997 | ||
| 999 |
_c96316 _d96316 |
||